Engineering mechanics / (Record no. 36886)

MARC details
000 -LEADER
fixed length control field 01641nam a22003137a 4500
005 - DATE AND TIME OF LATEST TRANSACTION
control field 20100710144112.0
008 - FIXED-LENGTH DATA ELEMENTS--GENERAL INFORMATION
fixed length control field 100710t xxu||||| |||| 00| 0 eng d
010 ## - LCCN (DPL NO)
LC control number ENG-96384 B-422902-904
020 ## - INTERNATIONAL STANDARD BOOK NUMBER
International Standard Book Number 9788120341258
Terms of availability 375.00
035 ## - SYSTEM CONTROL NUMBER
System control number EN-79917 B-422902-904
037 ## - SOURCE OF ACQUISITION
Source of stock number/acquisition DBAD / PUB
037 ## - SOURCE OF ACQUISITION
Source of stock number/acquisition K.K.Pub/Ven
040 ## - CATALOGING SOURCE
Original cataloging agency DPL
Language of cataloging English
082 ## - DEWEY DECIMAL CLASSIFICATION NUMBER
Classification number 620.1
100 ## - MAIN ENTRY--PERSONAL NAME
Personal name Sawhney, G.S.
9 (RLIN) 28357
245 ## - TITLE STATEMENT
Title Engineering mechanics /
Statement of responsibility, etc by G.S. Sawhney
250 ## - EDITION STATEMENT
Edition statement 2nd ed
260 ## - PUBLICATION, DISTRIBUTION, ETC. (IMPRINT)
Place of publication, distribution, etc New Delhi
Name of publisher, distributor, etc PHI Learning
Date of publication, distribution, etc 2010
270 ## - ADDRESS
Address M-97, Connaught Circus
City New Delhi
Postal code 110001
300 ## - PHYSICAL DESCRIPTION
Extent ix, 619 p.
Dimensions 23 cm (pbk)
500 ## - GENERAL NOTE
General note Includes bibliographical references and index.
650 ## - SUBJECT ADDED ENTRY--TOPICAL TERM
Topical term or geographic name as entry element Mechanics, Applied.
9 (RLIN) 28358
942 ## - ADDED ENTRY ELEMENTS (KOHA)
Source of classification or shelving scheme Dewey Decimal Classification
Item type English Books
Call number suffix SAW
Classification part 620.1
Holdings
Withdrawn status Lost status Source of classification or shelving scheme Damaged status Not for loan Collection code Home library Current library Date acquired Source of acquisition Cost, normal purchase price Total Checkouts Full call number Barcode Date last seen Copy number Cost, replacement price Koha item type Public note
    Dewey Decimal Classification     Non-fiction Central Library Central Library 01/06/2011 K.K.Pub/2300/9.3.11/77/4.3.11/15.3.11 375.00   620.1 SAW B-422902 01/06/2011 1 375.00 English Books Legal Case Register No. 28
    Dewey Decimal Classification   Not For Loan Non-fiction D.B.Act.Division D.B.Act.Division 10/07/2010 DBAD/PUB 375.00   620.1 SAW EN-79917 10/07/2010 1 375.00 English Books  
  Written-off vide DLB M. No. 383 dt 16.05.19 Dewey Decimal Classification     Non-fiction Patel Nagar Patel Nagar 01/06/2011 K.K.Pub/2300/9.3.11/77/4.3.11/15.3.11 375.00   620.1 SAW B-422903 01/06/2011 1 375.00 English Books  
    Dewey Decimal Classification     Non-fiction Sarojini Nagar Sarojini Nagar 01/06/2011 K.K.Pub/2300/9.3.11/77/4.3.11/15.3.11 375.00   620.1 SAW B-422904 14/09/2012 1 375.00 English Books  

© Delhi Public Library
Hit Counter
free hit counter